The Indian night : (Record no. 29421)
[ view plain ]
| 000 -LEADER | |
|---|---|
| fixed length control field | 02620cam a22003975a 4500 |
| 005 - DATE AND TIME OF LATEST TRANSACTION | |
| control field | 20090707074437.0 |
| 008 - FIXED-LENGTH DATA ELEMENTS--GENERAL INFORMATION | |
| fixed length control field | 090422s2009 ii a b 100 0 eng |
| 010 ## - LCCN (DPL NO) | |
| LC control number | B-362839-845 |
| 020 ## - INTERNATIONAL STANDARD BOOK NUMBER | |
| International Standard Book Number | 9788129113887 |
| Terms of availability | 395.00 |
| 035 ## - SYSTEM CONTROL NUMBER | |
| System control number | B-362839-845 |
| 037 ## - SOURCE OF ACQUISITION | |
| Source of stock number/acquisition | UBH |
| 040 ## - CATALOGING SOURCE | |
| Original cataloging agency | dpl |
| Language of cataloging | English |
| 082 ## - DEWEY DECIMAL CLASSIFICATION NUMBER | |
| Classification number | 828 |
| 245 ## - TITLE STATEMENT | |
| Title | The Indian night : |
| Remainder of title | sleep and dreams in Indian culture / |
| Statement of responsibility, etc | edited by Claudine Bautze-P̣icṛon |
| 260 ## - PUBLICATION, DISTRIBUTION, ETC. (IMPRINT) | |
| Place of publication, distribution, etc | New Delhi |
| Name of publisher, distributor, etc | Rupa & Co. |
| Date of publication, distribution, etc | 2009 |
| 270 ## - ADDRESS | |
| Address | 7/16, Ansari Road, Daryaganj |
| City | New Delhi |
| Postal code | 110002 |
| 300 ## - PHYSICAL DESCRIPTION | |
| Extent | xv, 661 p. : |
| Other physical details | ill. |
| Dimensions | 23 cm.(pbk) |
| 500 ## - GENERAL NOTE | |
| General note | Includes bibliographical references. |
| 520 ## - SUMMARY, ETC. | |
| Summary, etc | Transcript of papers presented in a seminar held at the University of Paris--3, Sorbonne Nouvelle in april 5-7, 2004 on the topic sleep and dreams in the Indian world, comparative enlightenments. |
| 546 ## - LANGUAGE NOTE | |
| Language note | In English; includes passages in French and Sanskrit |
| Information code or alphabet | (Sanskrit in roman). |
| 650 ## - SUBJECT ADDED ENTRY--TOPICAL TERM | |
| Topical term or geographic name as entry element | Dreams |
| Geographic subdivision | India |
| Form subdivision | Congresses. |
| 650 ## - SUBJECT ADDED ENTRY--TOPICAL TERM | |
| Topical term or geographic name as entry element | Dream interpretation |
| Geographic subdivision | India |
| Form subdivision | Congresses. |
| 650 ## - SUBJECT ADDED ENTRY--TOPICAL TERM | |
| Topical term or geographic name as entry element | Dreams in literature |
| Form subdivision | Congresses. |
| 650 ## - SUBJECT ADDED ENTRY--TOPICAL TERM | |
| Topical term or geographic name as entry element | Sleep |
| Form subdivision | Folklore |
| -- | Congresses. |
| 651 ## - SUBJECT ADDED ENTRY--GEOGRAPHIC NAME | |
| Geographic name | India |
| General subdivision | Civilization |
| Form subdivision | Congresses. |
| 700 ## - ADDED ENTRY--PERSONAL NAME | |
| Personal name | Bautze-Picron, Claudine |
| 942 ## - ADDED ENTRY ELEMENTS (KOHA) | |
| Source of classification or shelving scheme | Dewey Decimal Classification |
| Item type | English Books |
| Call number suffix | IND |
| Classification part | 828 |
| Withdrawn status | Lost status | Source of classification or shelving scheme | Damaged status | Not for loan | Home library | Current library | Date acquired | Source of acquisition | Cost, normal purchase price | Total Checkouts | Total Renewals | Full call number | Barcode | Date last seen | Copy number | Cost, replacement price | Koha item type |
|---|---|---|---|---|---|---|---|---|---|---|---|---|---|---|---|---|---|
| Dewey Decimal Classification | Central Library | Central Library | 04/03/2010 | UBH/145/5.11.09/149/16.10.09/5.11.09 | 395.00 | 2 | 2 | 828 IND | B-362839 | 20/02/2026 | 1 | 395.00 | English Books | ||||
| Dewey Decimal Classification | Janak Puri | Janak Puri | 04/03/2010 | UBH/145/5.11.09/149/16.10.09/5.11.09 | 395.00 | 8 | 2 | 828 IND | B-362841 | 25/06/2022 | 1 | 395.00 | English Books | ||||
| Dewey Decimal Classification | Karol Bagh | Karol Bagh | 04/03/2010 | UBH/145/5.11.09/149/16.10.09/5.11.09 | 395.00 | 828 IND | B-362844 | 04/03/2010 | 1 | 395.00 | English Books | ||||||
| Dewey Decimal Classification | Patel Nagar | Patel Nagar | 04/03/2010 | UBH/145/5.11.09/149/16.10.09/5.11.09 | 395.00 | 1 | 828 IND | B-362840 | 02/08/2019 | 1 | 395.00 | English Books | |||||
| Dewey Decimal Classification | Sarojini Nagar | Sarojini Nagar | 04/03/2010 | UBH/145/5.11.09/149/16.10.09/5.11.09 | 395.00 | 828 IND | B-362842 | 04/03/2010 | 1 | 395.00 | English Books | ||||||
| Dewey Decimal Classification | Shahdara Branch | Shahdara Branch | 04/03/2010 | UBH/145/5.11.09/149/16.10.09/5.11.09 | 395.00 | 828 IND | B-362845 | 04/03/2010 | 1 | 395.00 | English Books | ||||||
| Dewey Decimal Classification | Vinoba Puri | Vinoba Puri | 04/03/2010 | UBH/145/5.11.09/149/16.10.09/5.11.09 | 395.00 | 2 | 828 IND | B-362843 | 16/06/2014 | 1 | 395.00 | English Books |
